Pays commençant par une voyelle - Mort subite - Statistiques

Statistiques générales
  • Ce quiz a été pris 349 fois
  • Le résultat moyen est 12 sur 14
Answers on the Grid
Answers color-coded by a green-red scale on the quiz's grid according to % correct below.
Afghanistan
Italie
Kosovo
Egypte
Eswatini
Inde
Ouzbékistan
Ukraine
Uruguay
Yémen
Azerbaïdjan
Indonésie
Arabie Saoudite
Albanie
Allemagne
Belize
Canada
Mexique
Brésil
Honduras
Haïti
Madagascar
Lesotho
Timor oriental
Somalie
Maroc
Kazakhstan
Zambie
Nigeria
Tonga
Samoa
Nauru
Brunei
Taïwan
Togo
Finlande
Suède
Norvège
France
Fidji
 
Statistiques - réponses
Réponse % Correct
Albanie
87%
Egypte
87%
Inde
87%
Arabie Saoudite
86%
Italie
86%
Allemagne
85%
Azerbaïdjan
85%
Eswatini
84%
Ukraine
84%
Indonésie
82%
Uruguay
82%
Afghanistan
80%
Ouzbékistan
77%
Yémen
75%
Aucun quiz correspondant
Distribution des résultats
% des personnes avec chaque résultat
Percentile par nombre de réponses
Votre historique - résultats
Vous n’avez pas pris ce quiz